| 000 | 00833nam a2200253 4500 | ||
|---|---|---|---|
| 003 | OSt | ||
| 005 | 20260530115312.0 | ||
| 008 | 260508b1969 |||ao||| |||| 00| 0 eng d | ||
| 040 |
_aICI _bspa _cICI |
||
| 050 |
_aHF5415.1265 _bC44 |
||
| 100 | 1 |
_aFavre, Jean-Paul _932978 |
|
| 245 | 1 | 0 |
_aRichtige farbe- erfolgreiche = La couleur vend votre emballage = Color sells ypur package/ _cFavre, Jean-Paul |
| 264 | 1 |
_bABC Verlag Zurich _c1969 _aAlemania |
|
| 300 | _a200 páginas | ||
| 336 |
_atexto _2rdacontent |
||
| 337 |
_asin medio _2rdamedia |
||
| 338 |
_avolumen _2rdacarrier |
||
| 650 |
_aEnvases y embalajes _xDiseño _932979 |
||
| 650 |
_aColor en mercadotecnia _932980 |
||
| 650 |
_aPsicología del color _932981 |
||
| 650 |
_aPublicidad comercial _932982 |
||
| 650 |
_aDiseño gráfico publicitario _932983 |
||
| 942 |
_2lcc _cBK _n1 |
||
| 999 |
_c13409 _d13409 |
||